| 000 | 00411nam a2200109Ia 4500 | ||
|---|---|---|---|
| 008 | 150220s9999 xx 000 0 und d | ||
| 020 | _a059049192X | ||
| 245 |
_aCityscapes : _bcities depend on the strengths and skills of the people who live and work there / _cScholastic. |
||
| 260 |
_aNew York : _bScholastic Inc., _c1996 |
||
| 300 |
_a144 pages : _bColored, Illustration ; _c28 cm. |
||
| 440 | _aLiteracy Sourcebook. | ||
| 999 |
_c283083 _d283083 |
||